[Event "WYCC U18 Girls 2019"]
[Site "Mumbai"]
[Date "2019.10.05"]
[Round "5.9"]
[White "Muetsch, Annmarie"]
[Black "Aciu, Malina-Andreea"]
[Result "1-0"]
[WhiteElo "2266"]
[BlackElo "2076"]
[Annotator "TA"]
[PlyCount "107"]
[EventDate "2019.10.02"]
[EventType "swiss"]
[EventCountry "IND"]
[SourceTitle "playchess.com"]
[Source "ChessBase"]
[SourceQuality "1"]

{[%evp 9,107,0,0,0,0,-71,-81,-51,-24,-30,0,0,0,0,0,-18,-8,-2,0,0,0,0,24,-55,27,-72,-81,-72,118,104,115,110,106,102,104,109,105,76,125,128,130,106,106,98,135,131,129,123,126,133,152,150,147,81,71,79,74,20,114,91,91,89,96,94,84,81,81,78,185,137,125,110,200,177,194,161,365,351,365,223,546,462,12841,12841,12841,12841,12842,12842,12843,12843,12844,12844,12844,12845,12845,12845,12846,12846,12846,0]} 1. e4 c5 2. Nc3 e6 3. Nf3 a6 4. d4 cxd4 5. Qxd4 (5. Nxd4 Qc7 6. g3 Bb4 7. Bd2 Nf6 8. Bg2 O-O 9. O-O Bc5 10. Nb3 Be7 11. f4 d6 12. g4 b5 13. g5 Nfd7 14. a3 Bb7 15. Be3 Nc6 16. Qh5 {1-0 (43) Guseinov,G (2664)-Caruana,F (2828) chess.com INT 2019}) 5... Nc6 6. Qd2 {B40: Sicilian: 2...e6, Unusual lines} b5 $146 ({Predecessor:} 6... Qc7 7. Qg5 h6 8. Qg3 Qxg3 9. hxg3 Bb4 10. Bd2 Nf6 {1-0 (83) Tari,A (2615)-Arvola,B (2471) Helsingor 2018}) 7. e5 (7. Bd3 $11) 7... Qc7 $1 $17 8. Qg5 {Black is better.} h6 9. Qg3 Bb7 10. Bd3 Nb4 11. O-O Nxd3 12. cxd3 Ne7 13. Nd4 {Strongly threatening Ndxb5!} Ng6 14. f4 $1 Bc5 15. Be3 d6 {[%cal Rd6e5]} 16. Kh1 (16. Rae1 $11) 16... Qd7 {[#]} (16... Bxd4 $15 17. Bxd4 dxe5 18. fxe5 O-O) 17. Nb3 (17. Nxe6 $1 $11 {[%mdl 512]} Qxe6 18. d4 (18. Bxc5 dxc5 19. f5 {[%mdl 64] Double Attack} Qb6 $11)) 17... Bxe3 18. Qxe3 Qc6 $2 {[#]} (18... O-O $17 {and life is bright.}) 19. Ne4 $1 $36 {[%mdl 2048] White is on the roll.} O-O 20. Na5 Qc7 21. Nxb7 ({Much less strong is} 21. Nxd6 Bxg2+ 22. Kxg2 Qxa5 $11) 21... Qxb7 22. Nxd6 Qd7 23. Qg3 Kh7 24. d4 Ne7 25. Qd3+ Kg8 26. Rac1 Rfd8 27. Qf3 Rab8 28. Rfd1 Rb6 29. Rc5 Nc8 30. Nxc8 Rxc8 31. Rxc8+ (31. b4 $142) 31... Qxc8 {[%mdl 4096] Endgame KQR-KQR} 32. d5 exd5 {[#]} 33. Qxd5 ({White should try} 33. h3 $1 $16) 33... Qc2 (33... Rc6 $11 {remains equal.}) 34. Qd8+ Kh7 35. Qd3+ ({Reject} 35. Qxb6 $6 Qxd1+ 36. Qg1 Qc2 $11) 35... Qxd3 36. Rxd3 {KR-KR} Rc6 {( -> ...Rc1+)} 37. Rc3 Re6 38. Rc5 f6 (38... Re7 $16) 39. g4 fxe5 40. fxe5 Kg6 (40... Rg6 $16) 41. Kg2 $18 h5 42. Kg3 Kg5 $2 (42... hxg4 {was called for.} 43. Kxg4 Kf7) 43. h4+ Kg6 44. Kf4 Rb6 $2 (44... hxg4 {is more resistant.} 45. Kxg4 Kf7) 45. Rd5 {Black must now prevent Rd6+.White is clearly winning.} hxg4 (45... Kf7 $142 46. Rd7+ Kf8) 46. Rd6+ Rxd6 47. exd6 {KP-KP} g3 48. Kxg3 Kf6 49. Kg4 b4 50. d7 Ke7 51. Kg5 Kxd7 52. Kg6 Ke6 53. h5 Kd5 54. Kf5 $2 {[%mdl 32768] Accuracy: White = 60%, Black = 33%. . Sensor Board Error (Ke4/e5)?} (54. Kxg7 $18 a5 55. h6) 1-0

[Event "WYCC U18 Girls 2019"]
[Site "Mumbai"]
[Date "2019.10.05"]
[Round "5.10"]
[White "Serikbay, Assel"]
[Black "Tarini Goyal"]
[Result "1/2-1/2"]
[WhiteElo "2208"]
[BlackElo "2128"]
[Annotator "ChessBase"]
[PlyCount "65"]
[EventDate "2019.10.02"]
[EventType "swiss"]
[EventCountry "IND"]
[SourceTitle "playchess.com"]
[Source "ChessBase"]
[SourceQuality "1"]
[TimeControl "40/5400+30:1800+30"]

1. d4 {[%emt 0:00:00]} Nf6 {[%emt 0:00:00]} 2. c4 {[%emt 0:00:00]} e6 {[%emt 0:00:00]} 3. g3 {[%emt 0:00:00]} d5 {[%emt 0:00:00]} 4. Nf3 {[%emt 0:00:00]} Bb4+ {[%emt 0:00:07]} 5. Bd2 {[%emt 0:00:11]} Be7 {[%emt 0:00:26]} 6. Bg2 {[%emt 0:00:21]} O-O {[%emt 0:00:13]} 7. O-O {[%emt 0:00:16]} Nbd7 {[%emt 0:00:37]} 8. Qc2 {[%emt 0:00:40]} c6 {[%emt 0:00:13]} 9. Rd1 {[%emt 0:01:51]} b6 {[%emt 0:01:09]} 10. Bf4 {[%emt 0:01:37]} Ba6 {[%emt 0:01:55]} 11. cxd5 {[%emt 0:02:16]} cxd5 {[%emt 0:00:38]} 12. Ne5 {[%emt 0:00:59]} Rc8 {[%emt 0:01:50]} 13. Nc6 {[%emt 0:03:35]} Nh5 {[%emt 0:05:18]} 14. Bc1 {[%emt 0:04:06]} Nb8 {[%emt 0:02:48]} 15. Nxe7+ {[%emt 0:00:12]} Qxe7 {[%emt 0:00:07]} 16. Nc3 {[%emt 0:00:51]} h6 {[%emt 0:07:01]} 17. Bf3 {[%emt 0:17:35]} Nf6 {[%emt 0:02:45]} 18. Bf4 {[%emt 0:00:12]} b5 {[%emt 0:13:29]} 19. Qd2 {[%emt 0:08:14]} Nbd7 {[%emt 0:03:23]} 20. a3 {[%emt 0:14:42]} Nb6 {[%emt 0:01:17]} 21. e4 {[%emt 0:03:35]} dxe4 {[%emt 0:15:39]} 22. Nxe4 {[%emt 0:00:10]} Nxe4 {[%emt 0:00:23]} 23. Bxe4 {[%emt 0:00:07]} Bb7 {[%emt 0:01:12]} 24. Bd6 {[%emt 0:07:16]} Qxd6 {[%emt 0:00:28]} 25. Bxb7 {[%emt 0:00:06]} Rc7 {[%emt 0:02:31]} 26. Be4 {[%emt 0:00:14]} Rd8 {[%emt 0:03:17]} 27. Rac1 {[%emt 0:10:18]} Rxc1 {[%emt 0:04:36]} 28. Qxc1 {[%emt 0:00:23]} Rc8 {[%emt 0:01:00]} 29. Qd2 {[%emt 0:02:14]} Rc7 {[%emt 0:12:46]} 30. Qa5 {[%emt 0:09:22]} Qd7 {[%emt 0:02:32]} 31. Qd2 {[%emt 0:00:52]} Qd6 {[%emt 0:02:06]} 32. Qa5 {[%emt 0:00:20]} Qd7 {[%emt 0:00:08]} 33. Qd2 {[%emt 0:00:05]} 1/2-1/2

[Event "WYCC U18 Girls 2019"]
[Site "Mumbai"]
[Date "2019.10.05"]
[Round "5.10"]
[White "Serikbay, Assel"]
[Black "Tarini, Goyal"]
[Result "1/2-1/2"]
[WhiteElo "2208"]
[BlackElo "2128"]
[Annotator "TA"]
[PlyCount "65"]
[EventDate "2019.10.02"]
[EventType "swiss"]
[EventCountry "IND"]
[SourceTitle "playchess.com"]
[Source "ChessBase"]
[SourceQuality "1"]

{[%evp 18,65,3,0,21,0,0,0,11,11,19,8,17,20,18,0,29,0,0,0,29,29,71,56,82,-25,-9,-12,-28,-14,-15,-10,-10,-6,-7,-11,-2,-11,-12,-16,-6,-12,0,0,0,0,0,0,0,0]} 1. d4 Nf6 2. c4 e6 3. g3 d5 4. Nf3 Bb4+ 5. Bd2 Be7 6. Bg2 O-O 7. O-O Nbd7 8. Qc2 c6 9. Rd1 b6 10. Bf4 Ba6 {E08: Closed Catalan: Main Line: 7 Qc2} 11. cxd5 cxd5 12. Ne5 Rc8 13. Nc6 Nh5 14. Bc1 Nb8 15. Nxe7+ Qxe7 {[#]} 16. Nc3 $146 ({Predecessor:} 16. Qd2 Nc6 17. b3 Rfd8 18. Bb2 {½-½ (60) Matlakov,M (2710)-Alekseenko,K (2668) Izhevsk 2019}) 16... h6 17. Bf3 Nf6 18. Bf4 b5 19. Qd2 Nbd7 20. a3 Nb6 {[#]} 21. e4 (21. b3 $1 $16) 21... dxe4 22. Nxe4 Nxe4 23. Bxe4 Bb7 {The position is equal.} 24. Bd6 Qxd6 25. Bxb7 Rc7 26. Be4 Rd8 27. Rac1 Rxc1 28. Qxc1 Rc8 29. Qd2 Rc7 30. Qa5 Qd7 31. Qd2 Qd6 32. Qa5 Qd7 33. Qd2 {Accuracy: White = 63%, Black = 35%.} 1/2-1/2

[Event "WYCC U18 Girls 2019"]
[Site "Mumbai"]
[Date "2019.10.05"]
[Round "5.11"]
[White "Pandey, Srishti"]
[Black "Makhija, Aashna"]
[Result "0-1"]
[WhiteElo "1963"]
[BlackElo "2084"]
[Annotator "NA RC"]
[PlyCount "155"]
[EventDate "2019.10.02"]
[EventType "swiss"]
[EventCountry "IND"]
[SourceTitle "playchess.com"]
[Source "ChessBase"]
[SourceQuality "1"]
[TimeControl "40/5400+30:1800+30"]

1. Nf3 {[%emt 0:00:00]} Nf6 {[%emt 0:00:00]} 2. g3 {[%emt 0:00:00]} d5 {[%emt 0:00:04]} 3. Bg2 {[%emt 0:00:00]} e6 {[%emt 0:00:10]} 4. O-O {[%emt 0:00:00]} Be7 {[%emt 0:00:12]} 5. d3 {[%emt 0:00:00]} O-O {[%emt 0:00:51]} 6. Nbd2 {[%emt 0:00:00]} Nc6 {[%emt 0:00:29]} 7. e4 {[%emt 0:00:47]} dxe4 {[%emt 0:00:25]} 8. dxe4 {[%emt 0:00:04]} e5 {[%emt 0:00:27]} 9. c3 {[%emt 0:00:18]} a5 {[%emt 0:01:20] A07: Réti Opening: New York and Capablanca Systems} 10. Qe2 {[%emt 0:01:17]} Bc5 {[%emt 0:03:20]} 11. Nc4 {[%emt 0:04:52]} Qe7 {[%emt 0:01:34]} 12. Bg5 {[%emt 0:03:23]} h6 {[%emt 0:02:46]} 13. Bxf6 {[%emt 0:00:40]} Qxf6 {[%emt 0:00:19]} 14. Ne3 {[%emt 0:00:27] [#]} Bxe3 $146 {[%emt 0:15:17]} ({Predecessor:} 14... Ne7 15. Rfd1 c6 16. a4 b6 17. Nc4 {0-1 (42) Van Wely,L (2632)-Ganguly,S (2652) Berlin 2015}) 15. fxe3 {[%emt 0:01:27]} Qe7 {[%emt 0:12:03]} 16. Rad1 {[%emt 0:09:10]} Bd7 {[%emt 0:12:36]} 17. Rd2 {[%emt 0:09:38]} Rad8 {[%emt 0:10:04]} 18. Rfd1 {[%emt 0:02:27]} Bc8 {[%emt 0:10:51]} 19. Qb5 {[%emt 0:01:58]} Rxd2 {[%emt 0:03:38]} 20. Rxd2 {[%emt 0:00:07]} Qf6 {[%emt 0:02:01]} 21. a3 {[%emt 0:08:21]} b6 {[%emt 0:01:48]} 22. Rd5 {[%emt 0:03:39]} Bg4 $15 {[%emt 0:05:15]} 23. Qf1 {[%emt 0:04:21]} Ne7 {[%emt 0:02:31]} 24. Rd2 {[%emt 0:02:52]} Nc8 {[%emt 0:00:55]} 25. Rd5 {[%emt 0:12:57]} c6 {[%emt 0:03:20]} 26. Rd3 {[%emt 0:00:58]} Nd6 {[%emt 0:02:11]} 27. Nd2 {[%emt 0:02:32]} Qe7 {[%emt 0:02:06]} 28. Qe1 {[%emt 0:04:03]} a4 {[%emt 0:03:20]} 29. c4 {[%emt 0:06:03]} Be6 {[%emt 0:01:25]} 30. Qc1 {[%emt 0:00:38]} Nb7 {[%emt 0:00:58]} 31. b4 {[%emt 0:00:47]} axb3 {[%emt 0:00:37]} 32. Rxb3 {[%emt 0:00:05]} Na5 {[%emt 0:01:37]} 33. Rb4 {[%emt 0:01:15]} Qc5 {[%emt 0:00:40]} 34. Qc3 {[%emt 0:00:24]} b5 {[%emt 0:00:55]} 35. Bf1 {[%emt 0:00:45]} Rd8 {[%emt 0:00:35]} 36. Kf2 {[%emt 0:01:19]} bxc4 {[%emt 0:00:37]} 37. Ra4 {[%emt 0:01:11]} Nb7 {[%emt 0:00:36]} 38. Nxc4 {[%emt 0:00:09]} f6 {[%emt 0:00:30]} 39. Qb4 {[%emt 0:00:37]} Qxb4 {[%emt 0:00:32]} 40. axb4 {[%emt 0:00:09]} Bxc4 {[%emt 0:00:30]} 41. Bxc4+ {[%emt 0:30:01]} Kh7 {[%emt 0:02:48]} 42. Ke2 {[%emt 0:00:00]} Nd6 {[%emt 0:02:35]} 43. Be6 {[%emt 0:00:00]} Rb8 {[%emt 0:11:24]} 44. h4 {[%emt 0:00:00]} h5 {[%emt 0:03:02]} 45. Kf3 {[%emt 0:00:00]} Kg6 {[%emt 0:02:24]} 46. g4 {[%emt 0:00:00]} hxg4+ {[%emt 0:01:53]} 47. Kxg4 {[%emt 0:00:00]} Kh6 {[%emt 0:01:36]} 48. Kf3 {[%emt 0:00:00]} Rb7 {[%emt 0:03:46]} 49. Bg4 {[%emt 0:00:00]} g6 {[%emt 0:00:55]} 50. Be6 {[%emt 0:02:51]} Kh5 {[%emt 0:01:34]} 51. Ra6 {[%emt 0:00:29]} Rxb4 {[%emt 0:00:46]} 52. Rxc6 {[%emt 0:00:06]} Nxe4 {[%emt 0:00:45]} 53. Bd5 {[%emt 0:01:18]} f5 {[%emt 0:01:12]} 54. Bf7 {[%emt 0:00:05]} Kxh4 {[%emt 0:00:18]} 55. Bxg6 {[%emt 0:00:06]} Kg5 {[%emt 0:02:32]} 56. Be8 {[%emt 0:01:22]} Nf6 {[%emt 0:00:21]} 57. Bf7 {[%emt 0:00:38]} e4+ {[%emt 0:00:38]} 58. Kg3 {[%emt 0:02:24]} Rb2 {[%emt 0:00:14]} 59. Rc3 {[%emt 0:02:15]} Re2 {[%emt 0:00:40]} 60. Bc4 {[%emt 0:00:03]} Rb2 {[%emt 0:00:21]} 61. Bf7 {[%emt 0:00:27]} Re2 {[%emt 0:00:24]} 62. Bc4 {[%emt 0:00:09]} Nh5+ {[%emt 0:00:21]} 63. Kh3 {[%emt 0:00:06]} Rf2 {[%emt 0:00:30]} 64. Bf7 {[%emt 0:07:23]} Nf6 {[%emt 0:00:17]} 65. Rc8 {[%emt 0:01:11]} Rf3+ {[%emt 0:00:20]} 66. Kg2 {[%emt 0:00:04]} Rxe3 {[%emt 0:00:12]} 67. Kf2 {[%emt 0:00:10]} Ng4+ {[%emt 0:00:44]} 68. Kf1 {[%emt 0:00:01]} Rf3+ {[%emt 0:01:04]} 69. Ke2 {[%emt 0:00:05]} Rf2+ {[%emt 0:00:17]} 70. Ke1 {[%emt 0:00:03]} Rb2 {[%emt 0:00:25]} 71. Be6 {[%emt 0:00:19]} Kf4 {[%emt 0:00:53]} 72. Ra8 {[%emt 0:00:27]} Ne5 {[%emt 0:00:24]} 73. Kd1 {[%emt 0:01:13]} Nd3 {[%emt 0:00:46]} 74. Bc4 {[%emt 0:00:12]} Ke3 {[%emt 0:00:27]} 75. Bxd3 {[%emt 0:00:08]} Rd2+ {[%emt 0:00:16]} 76. Ke1 {[%emt 0:00:04]} Rxd3 {[%emt 0:00:08]} 77. Rh8 {[%emt 0:00:25]} f4 {[%emt 0:00:25]} 78. Rh1 {[%emt 0:00:47]} 0-1

[Event "WYCC U18 Girls 2019"]
[Site "Mumbai"]
[Date "2019.10.05"]
[Round "5.11"]
[White "Pandey Srishti"]
[Black "Makhija, Aashna"]
[Result "*"]
[WhiteElo "1963"]
[BlackElo "2084"]
[Annotator "NA"]
[PlyCount "82"]
[EventDate "2019.10.02"]
[EventType "swiss"]
[EventCountry "IND"]
[SourceTitle "playchess.com"]
[Source "ChessBase"]
[SourceQuality "1"]
[TimeControl "40/5400+30:1800+30"]

1. Nf3 {[%emt 0:00:00]} Nf6 {[%emt 0:00:00]} 2. g3 {[%emt 0:00:00]} d5 {[%emt 0:00:04]} 3. Bg2 {[%emt 0:00:00]} e6 {[%emt 0:00:10]} 4. O-O {[%emt 0:00:00]} Be7 {[%emt 0:00:12]} 5. d3 {[%emt 0:00:00]} O-O {[%emt 0:00:51]} 6. Nbd2 {[%emt 0:00:00]} Nc6 {[%emt 0:00:29]} 7. e4 {[%emt 0:00:47]} dxe4 {[%emt 0:00:25]} 8. dxe4 {[%emt 0:00:04]} e5 {[%emt 0:00:27]} 9. c3 {[%emt 0:00:18]} a5 {[%emt 0:01:20] A07: Réti Opening: New York and Capablanca Systems} 10. Qe2 {[%emt 0:01:17]} Bc5 {[%emt 0:03:20]} 11. Nc4 {[%emt 0:04:52]} Qe7 {[%emt 0:01:34]} 12. Bg5 {[%emt 0:03:23]} h6 {[%emt 0:02:46]} 13. Bxf6 {[%emt 0:00:40]} Qxf6 {[%emt 0:00:19]} 14. Ne3 {[%emt 0:00:27] [#]} Bxe3 $146 {[%emt 0:15:17]} ({Predecessor:} 14... Ne7 15. Rfd1 c6 16. a4 b6 17. Nc4 {0-1 (42) Van Wely,L (2632)-Ganguly,S (2652) Berlin 2015}) 15. fxe3 {[%emt 0:01:27]} Qe7 {[%emt 0:12:03]} 16. Rad1 {[%emt 0:09:10]} Bd7 {[%emt 0:12:36]} 17. Rd2 {[%emt 0:09:38]} Rad8 {[%emt 0:10:04]} 18. Rfd1 {[%emt 0:02:27]} Bc8 {[%emt 0:10:51]} 19. Qb5 {[%emt 0:01:58]} Rxd2 {[%emt 0:03:38]} 20. Rxd2 {[%emt 0:00:07]} Qf6 {[%emt 0:02:01]} 21. a3 {[%emt 0:08:21]} b6 {[%emt 0:01:48]} 22. Rd5 {[%emt 0:03:39]} Bg4 $15 {[%emt 0:05:15]} 23. Qf1 {[%emt 0:04:21]} Ne7 {[%emt 0:02:31]} 24. Rd2 {[%emt 0:02:52]} Nc8 {[%emt 0:00:55]} 25. Rd5 {[%emt 0:12:57]} c6 {[%emt 0:03:20]} 26. Rd3 {[%emt 0:00:58]} Nd6 {[%emt 0:02:11]} 27. Nd2 {[%emt 0:02:32]} Qe7 {[%emt 0:02:06]} 28. Qe1 {[%emt 0:04:03]} a4 {[%emt 0:03:20]} 29. c4 {[%emt 0:06:03]} Be6 {[%emt 0:01:25]} 30. Qc1 {[%emt 0:00:38]} Nb7 {[%emt 0:00:58]} 31. b4 {[%emt 0:00:47]} axb3 {[%emt 0:00:37]} 32. Rxb3 {[%emt 0:00:05]} Na5 {[%emt 0:01:37]} 33. Rb4 {[%emt 0:01:15]} Qc5 {[%emt 0:00:40]} 34. Qc3 {[%emt 0:00:24]} b5 {[%emt 0:00:55]} 35. Bf1 {[%emt 0:00:45]} Rd8 {[%emt 0:00:35]} 36. Kf2 {[%emt 0:01:19]} bxc4 {[%emt 0:00:37]} 37. Ra4 {[%emt 0:01:11]} Nb7 {[%emt 0:00:36]} 38. Nxc4 {[%emt 0:00:09]} f6 {[%emt 0:00:30]} 39. Qb4 {[%emt 0:00:37]} Qxb4 {[%emt 0:00:32]} 40. axb4 {[%emt 0:00:09]} Bxc4 {[%emt 0:00:30]} 41. Bxc4+ {[%emt 0:30:01]} Kh7 {[%emt 0:02:48]} *

[Event "WYCC U18 Girls 2019"]
[Site "Mumbai"]
[Date "2019.10.05"]
[Round "5.12"]
[White "Nestorovic, Katarina"]
[Black "Azali, Tannaz"]
[Result "0-1"]
[WhiteElo "2073"]
[BlackElo "2022"]
[Annotator "NA RC"]
[PlyCount "146"]
[EventDate "2019.10.02"]
[EventType "swiss"]
[EventCountry "IND"]
[SourceTitle "playchess.com"]
[Source "ChessBase"]
[SourceQuality "1"]
[TimeControl "40/5400+30:1800+30"]

1. e4 c5 2. Nf3 e6 3. d4 cxd4 4. Nxd4 Nc6 5. Nc3 Qc7 6. Be3 a6 7. a3 Nf6 8. Be2 Be7 9. O-O O-O 10. Kh1 d6 11. f4 Na5 12. Qe1 Nc4 13. Bc1 {B48: Sicilian: Taimanov: 5 Nc3 Qc7 6 Be3 a6 without Be2} b5 14. b3 Nb6 15. Bd3 $146 ({Predecessor:} 15. Bb2 Bb7 16. Qg3 Rfe8 17. Bd3 Bf8 18. Nf3 Nbd7 19. b4 g6 20. Rae1 Bg7 {1-0 (46) Kalezic,B (2446)-Djukic,N (2450) Bijelo Polje 2004}) 15... Nfd7 16. Bb2 Bb7 17. Rf3 Bf6 18. Qe3 Qc5 19. Nce2 e5 20. b4 $19 ({Better is} 20. fxe5 $15 dxe5 21. Nf5) 20... exd4 21. bxc5 dxe3 22. Bxf6 dxc5 23. Bxg7 Kxg7 24. c3 c4 25. Bc2 Nc5 26. Rxe3 Nd3 27. Nd4 Bxe4 28. Rxe4 Nf2+ 29. Kg1 Nxe4 30. Bxe4 Ra7 31. Re1 Na4 32. Re3 Re8 33. Rg3+ Kf6 34. Nc6 Rd7 35. Ne5 Rd1+ 36. Kf2 Red8 37. Rg5 Nxc3 38. Bxh7 R8d2+ 39. Kg3 Ne2+ 40. Kg4 Nd4 41. Be4 c3 42. Rh5 c2 43. Rh6+ Kg7 44. Rh7+ Kg8 45. Rxf7 Rxg2+ 46. Bxg2 c1=Q 47. Bd5 Rg1+ 48. Kh5 Qc5 49. Rd7+ Kf8 50. Rd8+ Ke7 51. Rd7+ Ke8 52. Bf7+ Kf8 53. Rd8+ Ke7 54. Rd7+ Kf6 55. Bd5 Rg5+ 56. fxg5+ Kxe5 57. Bb7 Ke6 58. Rh7 a5 59. Rh6+ Ke5 60. Rf6 Qc7 61. Ba8 b4 62. axb4 axb4 63. Rf1 Qc3 64. h4 Nf5 65. Kg6 Nxh4+ 66. Kg7 Qg3 67. Kh6 Nf5+ 68. Kg6 Ne7+ 69. Kf7 Qxg5 70. Re1+ Kd6 71. Rd1+ Kc7 72. Bf3 Qf4+ 73. Kxe7 Qxf3 0-1

[Event "WYCC U18 Girls 2019"]
[Site "Mumbai"]
[Date "2019.10.05"]
[Round "5.13"]
[White "Priyanka, K."]
[Black "Jyothsna, L."]
[Result "1/2-1/2"]
[WhiteElo "2173"]
[BlackElo "1995"]
[Annotator "TA"]
[PlyCount "135"]
[EventDate "2019.10.02"]
[EventType "swiss"]
[EventCountry "IND"]
[SourceTitle "playchess.com"]
[Source "ChessBase"]
[SourceQuality "1"]

{[%evp 9,135,31,36,37,53,26,86,80,90,38,81,68,79,35,35,35,41,33,33,33,45,37,39,16,14,-22,33,30,47,-31,34,5,30,16,4,0,0,0,0,0,0,0,29,0,0,-19,-38,-88,-90,-110,-106,-120,-117,-108,-95,-195,-41,-48,-45,-29,0,-58,-61,-116,0,0,0,0,0,-167,-179,-162,-161,-147,-140,-557,-550,-734,-734,-733,-733,-718,-718,-976,-976,-1412,-1412,-1412,-1412,-1412,-1412,-1412,-1412,-1412,-1412,-1412,-1412,-1412,-1412,-1412,-1412,-1412,0,-1412,-1412,-1412,-1412,-1412,-1412,-1412,-1412,-1363,-1307,-1412,-1412,-1397,-1390,-1383,-1103,-3441,-1029,-547,-372,-372,-372,-368,0,-278]} 1. e4 g6 2. d4 Bg7 3. Nc3 d5 4. Nf3 dxe4 5. Nxe4 Nf6 6. Nxf6+ {A00: Irregular Openings} Bxf6 (6... exf6 7. Be3 O-O 8. Qd2 Nc6 9. O-O-O Bg4 10. Be2 Re8 11. h3 Bf5 12. d5 Ne5 13. Nxe5 fxe5 {½-½ (55) Hou,Y (2658)-Nakamura,H (2777) chess.com INT 2018}) 7. Bc4 c6 (7... c5 $11 {remains equal.}) 8. O-O {White is better.} Bg4 9. c3 (9. Bh6 $16) 9... Bxf3 $146 ({Predecessor:} 9... O-O 10. Bh6 Bg7 11. Bxg7 Kxg7 12. h3 Bxf3 13. Qxf3 {1-0 (66) Drobne,M (2045)-Kontler,S (1811) Slovenia 2015}) 10. Qxf3 O-O 11. Bf4 Nd7 {[%cal Bb8d7,Bd7b6,Bb6d5][%mdl 32]} 12. Rad1 e6 13. Rfe1 Re8 14. a4 {[%cal Ba2a4,Ba4a5][%mdl 32]} Nb6 15. Bb3 Bg7 16. a5 Nd5 17. Bd2 b5 (17... Qxa5 $11 18. c4 Qb6) 18. Bc2 Qd7 19. b3 ({Better is} 19. g3 $14) 19... a6 (19... b4 $15) 20. h4 h5 (20... b4 $5) 21. Be4 Rac8 22. Bg5 b4 23. c4 Nc3 $36 {[%mdl 2048] Black fights for an advantage.} 24. Rd2 f5 25. Bc2 Kf7 26. Qf4 Qc7 27. Qxc7+ (27. Qe3 {seems wilder.} Qxa5 28. Qg3 Qc7 29. Bf4 Qd8 30. Bd6) 27... Rxc7 28. Bd1 Ne4 29. Rxe4 fxe4 30. Bc2 Rd7 31. Bxe4 Rxd4 32. Bxc6 {[#]} (32. Rxd4 $17 {might work better.} Bxd4 33. Bxc6) 32... Rb8 $2 ({Black should try} 32... Red8 $1 $19 {[%mdl 512]} 33. Rxd4 (33. Bxd8 Rxd2) 33... Rxd4) 33. Rxd4 Bxd4 $15 {[%mdl 4096] Endgame KRB-KB} 34. Kf1 Rc8 35. Be4 (35. Bb7 $1 $11 Rc7 36. Be4) 35... Bf6 $1 {[%cal Rf6g5]} 36. Bd2 (36. Be3 $1 $15) 36... Rb8 ({Black should play} 36... Bxh4 $17 37. Be3 Be7) 37. g3 $11 Bd8 38. Bf4 Rc8 39. Bb7 $2 (39. Be3 $1 $11) 39... Rc5 $19 40. Bxa6 Rxa5 41. Bb5 Ra3 42. c5 $2 {[%mdl 8192]} (42. Ba4 $17) 42... Rxb3 43. c6 Rc3 44. Bd2 Rc2 45. Bxb4 Rb2 46. Bd6 Rxb5 47. c7 {[#]} Bxc7 $1 48. Bxc7 {KR-KB} e5 49. Bd8 Rb2 50. Bg5 Ke6 51. Kg2 Kf5 52. Be3 e4 53. Bf4 Kg4 54. Be3 Re2 55. Bf4 Rb2 56. Be3 $1 Rb5 57. Bf4 Rb3 58. Bg5 Rf3 59. Bd2 Kf5 60. Bg5 Ke6 61. Bd8 Kd5 62. Bb6 Kc4 63. Ba7 Kd3 64. Bc5 Ke2 (64... Rf5 $142 65. Be3 Rf3) 65. Bb6 Rf5 66. Be3 Ke1 67. Kg1 Ke2 {aiming for ...Rf3.} 68. Kg2 {[%mdl 32768] Accuracy: White = 35%, Black = 51%. . An unexpected result.} 1/2-1/2

[Event "WYCC U18 Girls 2019"]
[Site "Mumbai"]
[Date "2019.10.05"]
[Round "5.13"]
[White "Priyanka, Kumari"]
[Black "Jyothsna L"]
[Result "*"]
[WhiteElo "1921"]
[BlackElo "1995"]
[Annotator "NA"]
[PlyCount "55"]
[EventDate "2019.10.02"]
[EventType "swiss"]
[EventCountry "IND"]
[SourceTitle "playchess.com"]
[Source "ChessBase"]
[SourceQuality "1"]
[TimeControl "40/5400+30:1800+30"]

1. e4 {[%emt 0:00:10]} g6 {[%emt 0:01:20]} 2. d4 {[%emt 0:00:27]} Bg7 {[%emt 0:00:02]} 3. Nc3 {[%emt 0:00:15]} d5 {[%emt 0:00:03]} 4. Nf3 {[%emt 0:07:12]} dxe4 {[%emt 0:12:42]} 5. Nxe4 {[%emt 0:00:33]} Nf6 {[%emt 0:01:38]} 6. Nxf6+ {[%emt 0:02:55]} Bxf6 {[%emt 0:00:20]} 7. Bc4 {[%emt 0:04:27]} c6 {[%emt 0:08:39]} 8. O-O {[%emt 0:04:18]} Bg4 {[%emt 0:16:52]} 9. c3 {[%emt 0:03:45]} Bxf3 {[%emt 0:05:07]} 10. Qxf3 {[%emt 0:01:15]} O-O {[%emt 0:02:29]} 11. Bf4 {[%emt 0:04:46]} Nd7 {[%emt 0:08:50]} 12. Rad1 {[%emt 0:05:59]} e6 {[%emt 0:02:23]} 13. Rfe1 {[%emt 0:12:21]} Re8 {[%emt 0:05:38]} 14. a4 {[%emt 0:06:58]} Nb6 {[%emt 0:03:15]} 15. Bb3 {[%emt 0:00:24]} Bg7 $14 {[%emt 0:01:58]} 16. a5 {[%emt 0:12:03]} Nd5 {[%emt 0:02:24]} 17. Bd2 {[%emt 0:04:20]} b5 {[%emt 0:06:53]} 18. Bc2 {[%emt 0:07:47]} Qd7 {[%emt 0:05:49]} 19. b3 {[%emt 0:02:31]} a6 {[%emt 0:00:51]} 20. h4 {[%emt 0:09:45]} h5 {[%emt 0:00:47]} 21. Be4 {[%emt 0:00:58]} Rac8 {[%emt 0:02:54]} 22. Bg5 {[%emt 0:00:57]} b4 {[%emt 0:05:15]} 23. c4 {[%emt 0:05:15]} Nc3 {[%emt 0:00:34]} 24. Rd2 {[%emt 0:00:20]} f5 {[%emt 0:02:29]} 25. Bc2 {[%emt 0:00:42]} Kf7 {[%emt 0:01:30]} 26. Qf4 {[%emt 0:01:08]} Qc7 {[%emt 0:00:53]} 27. Qxc7+ {[%emt 0:01:13]} Rxc7 {[%emt 0:00:03]} 28. Bd1 {[%emt 0:00:32]} *

[Event "WYCC U18 Girls 2019"]
[Site "Mumbai"]
[Date "2019.10.05"]
[Round "5.14"]
[White "Zeliantsova, Kseniya"]
[Black "Tanishka Kotia"]
[Result "*"]
[WhiteElo "1994"]
[BlackElo "2090"]
[Annotator "NA"]
[PlyCount "60"]
[EventDate "2019.10.02"]
[EventType "swiss"]
[EventCountry "IND"]
[SourceTitle "playchess.com"]
[Source "ChessBase"]
[SourceQuality "1"]
[TimeControl "40/5400+30:1800+30"]

1. e4 c5 2. Nf3 Nc6 3. Bb5 g6 4. O-O Bg7 5. Re1 Nf6 6. c3 O-O 7. h3 a6 8. Bxc6 dxc6 9. d4 {B31: Sicilian: 2...Nc6 3 Bb5 g6} Be6 10. Nbd2 $146 ({Predecessor:} 10. Qc2 cxd4 11. cxd4 Rc8 12. Be3 Re8 13. Ng5 Qd7 14. Nd2 h6 15. Nxe6 Qxe6 16. a4 Red8 {1-0 (45) Pasko,P (2482)-Sampieri,M (2376) ICCF email 2011}) 10... cxd4 11. cxd4 Qb6 12. Qc2 Rac8 13. Nf1 c5 14. d5 Bd7 15. Ne3 e6 16. Nc4 Qa7 17. d6 Rfd8 (17... b5 $14 18. Nce5 Ne8) 18. Bg5 h6 19. Bh4 $16 g5 20. Bg3 b5 21. Nce5 Bc6 22. Rad1 Ba8 23. Ng4 Nh5 24. Bh2 f6 25. Qe2 e5 26. Ne3 Bxe4 27. Nxg5 hxg5 28. Qxh5 Rc6 29. d7 Qb8 30. h4 gxh4 *